Statistics for Every WWE Tag Team Champion Ever

Click here to take the quiz!

General Stats

  • This quiz has been taken 1,667 times
    (1,475 since last reset)
  • The average score is 117 of 272

Answer Stats

HintAnswer% Correct
3 | 4Kofi Kingston
90%
3Big E
89%
12Edge
89%
1Triple H
89%
2Edge
87%
9Kane
87%
1Shawn Michaels
87%
3Xavier Woods
87%
2Big E
86%
2 | 4Jey Uso
85%
2 | 4Jimmy Uso
85%
2Kane
85%
1Randy Orton
85%
9Christian
84%
1 | 4Sheamus
84%
6The Undertaker
84%
2Triple H
84%
1 | 6Jeff Hardy
83%
1 | 2 | 4The Miz
83%
2Xavier Woods
83%
1 | 5Cesaro
82%
2John Cena
82%
1 | 3 | 6Matt Hardy
82%
1Roman Reigns
82%
3 | 5Big Show
81%
5Shawn Michaels
80%
2John Cena
79%
5The Rock
78%
2 | 5Chris Jericho
77%
3Batista
76%
1D-Von Dudley
76%
4Rey Mysterio
76%
8D-Von Dudley
75%
4Stone Cold Steve Austin
74%
1Batista
73%
4Seth Rollins
73%
3Ric Flair
72%
1 | 8Bubba Ray Dudley
71%
2Dean Ambrose
71%
3Cody Rhodes
70%
3Cody Rhodes/Stardust
70%
1Mo
69%
1Kurt Angle
68%
8Mick Foley
68%
1Bray Wyatt
67%
2Bret Hart
67%
1Dean Ho
67%
1Hulk Hogan
67%
4Johnny Nitro/John Morrison
67%
1Daniel Bryan
66%
2Hawk
66%
3Heath Slater
64%
2Luke Harper
64%
10Billy Gunn
63%
1 | 3Chris Benoit
63%
1 | 5Road Dogg
63%
2Animal
62%
1 | 2Goldust
62%
1Kofi Kingston
62%
4The 1-2-3 Kid/X-Pac
62%
1Heath Slater
61%
1Billy Gunn
60%
3Bradshaw
60%
4Eddie Guerrero
60%
1CM Punk
59%
2Diesel
59%
1John Morrison
59%
1Rowan
59%
1 | 2Rob Van Dam
58%
3Booker T
57%
2Shelton Benjamin
57%
1Animal
56%
1Rhyno
56%
2Chavo Guerrero
55%
4Owen Hart
55%
3Ax
54%
1Braun Strowman
54%
1Shane McMahon
54%
2Fatu/Rikishi
52%
2Jim Neidhart
52%
1Arn Anderson
50%
1Chad Gable
49%
2David Otunga
49%
3Faarooq
49%
3Justin Gabriel
49%
1Sonny King
49%
3Ted DiBiase
49%
1Jason Jordan
48%
1R-Truth
48%
1Carlito
47%
2Drew McIntyre
47%
1Carlito
46%
3Smash
46%
1Tyson Kidd
46%
1Karl Anderson
45%
2Tyson Kidd
45%
1Chad Gable
44%
3Charlie Haas
44%
1Jason Jordan
44%
1 | 2Primo
44%
1Rikishi
44%
1Test
44%
4William Regal
44%
2Ted DiBiase Jr
43%
1Andre The Giant
42%
1Montel Vontavious Porter
42%
1Luke Gallows
40%
2Yokozuna
40%
1Crush
39%
3Joey Mercury
39%
1Bobby Roode
38%
1Evan Bourne
38%
1Roddy Piper
38%
1Santino Marella
38%
1Scotty 2 Hotty
38%
2Zack Ryder
38%
3Bob/Hardcore Holly
37%
1Epico
37%
5Mike Rotunda/IRS
36%
1Pat Barrett
36%
1Scott Dawson
36%
1Tajiri
36%
1Dash Wilder
35%
2Davey Boy Smith
35%
1Dolph Ziggler
34%
1 | 2Paul London
34%
1Brian Kendrick
33%
1Darren Young
33%
1Heidenreich
33%
1Mabel
33%
2The Hurricane
33%
1Titus O' Neil
33%
1Brian Kendrick
32%
1Grandmaster Sexay
32%
1Dynamite Kid
31%
1Earthquake
31%
4Lance Storm
31%
1The Big Bossman
31%
1Bo Dallas
30%
1Damien Mizdow
30%
1Haku
30%
1Marty Jannetty
30%
1Nicholas
30%
1Rene Dupree
30%
2Scott Steiner
30%
1The Goodfather
30%
3Bart Gunn
29%
1Vladimir Kozlov
29%
2Curt Hawkins
28%
2Rick Steiner
28%
1Rico
28%
1Spike Dudley
28%
2Tito Santana
28%
1Typhoon
28%
1Jeff Jarrett
27%
1Ken Shamrock
27%
2Michael McGillicutty/Curtis Axel
27%
1Al Snow
26%
1Greg Valentine
26%
1Kenny
26%
1Brutus Beefcake
25%
2Chuck
25%
1Crash Holly
25%
2Doug Basham
25%
1Johnny
25%
1Rocky Johnson
25%
2Danny Basham
24%
1David Hart Smith
24%
1Diamond Dallas Page
24%
1Mikey
24%
1Mosh
24%
3Rick Martel
24%
1Scotty 2 Hotty
24%
1Tazz
24%
3Afa
23%
1Chainsaw Charlie
23%
1Mitch
23%
1Nicky
23%
3Sika
23%
1Thrasher
23%
1Billy Kidman
22%
1Eugene
22%
1Rene Dupree
22%
4Sylvain Grenier
22%
1The Iron Sheik
22%
1Tully Blanchard
22%
1Chief Morley
21%
1Deuce
21%
1Domino
21%
3Lance Cade
21%
1Samu
21%
1Akam
20%
1Brian Knobbs
20%
1Jerry Sags
20%
3Robert Conway
20%
1Rosey
20%
1Nikolai Volkoff
19%
1Rezar
19%
1Eric
18%
2Barry Windham
17%
1Bob Backlund
17%
5Mr Fuji
17%
3Pierre
17%
1Tony Atlas
17%
3Trevor Murdoch
17%
1Bull Buchanan
16%
3Jacques
16%
1Kenzo Suzuki
16%
1Pedro Morales
16%
1Skip
16%
2Henry O. Godwinn
15%
2Phineas I. Godwinn
15%
1Zip
15%
1Blackjack Mulligan
13%
1Kanyon
13%
1Luke Graham
12%
3Professor Tanaka
12%
1Blackjack Lanza
11%
1Dino Bravo
11%
1Adrian Adonis
10%
1Tarzan Tyler
10%
5Tony Garea
10%
1Moondog Spot
9%
1Rex
9%
4Chief Jay Strongbow
7%
1Dick Murdoch
7%
1Jimmy Valiant
7%
2Johnny Valiant
7%
1Karl Gotch
7%
2Mr Saito
7%
1Executioner #1
6%
1Executioner #2
6%
1Ivan Putski
6%
1Jerry Valiant
6%
1Moondog King
6%
2Dominic DeNucci
5%
1Haystacks Calhoun
5%
1Larry Zbyszko
5%
1Rene Goulet
5%
1Mikel Scicluna
4%
1Tony Parisi
4%
1Yukon Pierre
4%
1Billy White
3%
2Jules Strongbow
3%
1King Curtis Iaukea
3%
1Louis Cerdan
3%
1Victor Rivera
3%

Score Distribution

Percentile by Number Answered

Percent of People with Each Score

Your Score History

You have not taken this quiz since the last reset